Historia de Méjico desde los primeros movimientos que propararon su independencia en el año 1808 hasta la época presente / (Record no. 20839)

MARC details
000 -LEADER
campo de control de longitud fija 01307nam a2200229 i 4500
001 - NÚMERO DE CONTROL
campo de control 20839
003 - IDENTIFICADOR DE NÚMERO DE CONTROL
campo de control ES-MaACL
005 - FECHA Y HORA DE LA ÚLTIMA TRANSACCIÓN
campo de control 20260216063016.0
007 - CAMPO FIJO DE DESCRIPCIÓN FÍSICA--INFORMACIÓN GENERAL
campo de control de longitud fija t|
008 - DATOS DE LONGITUD FIJA--INFORMACIÓN GENERAL
campo de control de longitud fija 021119m18491852sp ||||1| spa d
100 1# - ENTRADA PRINCIPAL--NOMBRE DE PERSONA
Nombre de persona Alamán, Lucas,
Fechas asociadas al nombre 1792-1853
9 (RLIN) 19094
245 10 - MENCIÓN DEL TÍTULO
Título Historia de Méjico desde los primeros movimientos que propararon su independencia en el año 1808 hasta la época presente /
Mención de responsabilidad, etc. Lucas Alamán.
260 ## - PUBLICACIÓN, DISTRIBUCIÓN, ETC.
Lugar de publicación, distribución, etc. Madrid :
Nombre del editor, distribuidor, etc. J..M. Lara,
Fecha de publicación, distribución, etc. 1849-52.
300 ## - DESCRIPCIÓN FÍSICA
Extensión 5 v. ;
Dimensiones 24 cm.
505 8# - NOTA DE CONTENIDO CON FORMATO
Nota de contenido con formato Contiene: pte. 1. Comprende desde el principio de las inquietudes en 1808, hasta la completa pacificación del reino en 1820, terminada la Guerra de la Insurreción (4 v.) -- pte. 2. Comprende desde el plan proclamado por D. Agustín de Iturbide en Iguala, en 24 de febrero de 1821 y sucesos de España que dieron motivo a su formación, hasta la muerte de este jefe y el establecimiento de la república federal mejicana en 1824 (XI, 960, 147 p.)
530 ## - NOTA DISPONIBLE DE FORMULARIO FÍSICO ADICIONAL
Nota de formato físico adicional disponible Disponible en formato digital.
651 #4 - PUNTO DE ACCESO ADICIONAL DE MATERIA--NOMBRE GEOGRÁFICO
Nombre geográfico México-
Subdivisión general Historia-
Subdivisión cronológica 1810-1821, Guerra de la Independencia.
9 (RLIN) 168986
651 #4 - PUNTO DE ACCESO ADICIONAL DE MATERIA--NOMBRE GEOGRÁFICO
Nombre geográfico México-
Subdivisión general Historia-
Subdivisión geográfica 1821-1861.
9 (RLIN) 9064
852 ## - LOCALIZACIÓN
Ubicación ES-MaACL
Número de control de estantería F-7983-87
856 ## - LOCALIZACIÓN Y ACCESO ELECTRÓNICOS
Identificador Uniforme de Recursos <a href="http://bdh-rd.bne.es/viewer.vm?id=0000008377&page=1 ">http://bdh-rd.bne.es/viewer.vm?id=0000008377&page=1 </a>
Nota pública Biblioteca Digital Hispánica
Holdings
Estatus retirado Estado de pérdida Estado de daño No para préstamo Colección Biblioteca de origen Biblioteca actual Ubicación en estantería Fecha de adquisición Fuente de adquisición Total de préstamos Signatura topográfica completa Código de barras Visto por última vez Precio de reemplazo Tipo de ítem Koha
        Colección digital Biblioteca del Ateneo de Madrid Biblioteca del Ateneo de Madrid Sala Pecera Planta 2 17/01/2008     F-7983-87 1021401 23/02/2023 23/02/2023 Libro impreso antiguo